00431 2200169 4500245006000000020002200060250001100082100001500093700002100108650002100129005001900150260003100169041001400200084001000214300002800224336000900252 aMembangkitkan Motivasi Nelayan SuksescU. SartikahText a978-602-8797-20-7 aCet. 1 aU. Sartika aMuhammad Bambang aMotivasi Nelayan a20230330081539 aBandungbCipta Dea Pustaka aIndonesia a153.8 avi, 98 hlm. :c20.5 cm. atext